[Event "Campeonato España Sub 10"]
[Site "Salobreña"]
[Date "2017.07.05"]
[Round "5"]
[White "Andres Iniguez, Iker"]
[Black "Vergara Anton, Diego"]
[Result "0-1"]
[Board "2"]
[WhiteClock "-:--:--"]
[WhiteElo "1709"]
[WhiteCountry "ESP"]
[WhiteFideId "24580740"]
[WhiteEloChange "-12"]
[BlackClock "-:--:--"]
[BlackElo "1628"]
[BlackCountry "ESP"]
[BlackFideId "24524310"]
[BlackEloChange "12"]

1. d4 {[%clk 1:30:00]} d5 {[%clk 1:30:00]} 2. e3 {[%clk 1:30:00]} Nf6 {[%clk
1:30:00]} 3. Bd3 {[%clk 1:30:00]} c5 {[%clk 1:29:00]} 4. c3 {[%clk 1:30:00]} e6
{[%clk 1:28:00]} 5. Nd2 {[%clk 1:28:00]} Be7 {[%clk 1:27:00]} 6. Ngf3 {[%clk
1:27:00]} Nc6 {[%clk 1:26:00]} 7. O-O {[%clk 0:57:00]} O-O {[%clk 1:24:00]} 8.
Re1 {[%clk 0:55:00]} Qc7 {[%clk 1:21:00]} 9. e4 {[%clk 0:53:00]} dxe4 {[%clk
1:19:00]} 10. Nxe4 {[%clk 0:52:30]} cxd4 {[%clk 1:18:00]} 11. cxd4 {[%clk
0:48:00]} Nb4 {[%clk 1:14:00]} 12. Nxf6+ {[%clk 0:43:00]} Bxf6 {[%clk 1:13:00]}
13. Be4 {[%clk 0:42:00]} Rd8 {[%clk 1:06:00]} 14. Be3 {[%clk 0:41:29]} Nd5 {[%clk
0:51:00]} 15. Bg5 {[%clk 0:26:00]} Bxg5 {[%clk 0:50:00]} 16. Nxg5 {[%clk
0:26:00]} Nf6 {[%clk 0:50:00]} 17. Bf3 {[%clk 0:26:00]} Qb6 {[%clk 0:50:00]} 18.
Qb3 {[%clk 0:27:00]} Qxb3 {[%clk 0:42:00]} 19. axb3 {[%clk 0:27:00]} h6 {[%clk
0:42:00]} 20. Ne4 {[%clk 0:27:00]} Rxd4 {[%clk 0:39:00]} 21. Rad1 {[%clk
0:20:00]} Rxd1 {[%clk 0:39:00]} 22. Rxd1 {[%clk 0:20:00]} Nd5 {[%clk 0:39:00]}
23. h3 {[%clk 0:20:00]} Bd7 {[%clk 0:39:00]} 24. Nc3 {[%clk 0:19:57]} Bc6 {7[%clk
0:39:00]} 25. Nxd5 {[%clk 0:19:57]} exd5 {5[%clk 0:39:00]} 26. Bxd5 {[%clk
0:19:57]} Rc8 {][%clk 0:44:00]} 27. Bxc6 {[%clk 0:21:00]} Rxc6 {[%clk 0:44:00]}
28. Rd8+ {[%clk 0:21:00]} Kh7 {[%clk 0:44:00]} 29. Rd7 {[%clk 0:21:00]} Rb6
{[%clk 0:44:00]} 30. Rxf7 {[%clk 0:21:00]} Rxb3 {[%clk 0:44:00]} 31. Rf3 {[%clk
0:21:00]} Rxb2 {[%clk 0:44:00]} 32. Ra3 {[%clk 0:21:00]} a6 {[%clk 0:44:00]} 33.
Ra1 {[%clk 0:21:00]} Kg6 {[%clk 0:44:00]} 34. Re1 {[%clk 0:21:00]} a5 {[%clk
0:44:00]} 35. Ra1 {[%clk 0:21:00]} b6 {[%clk 0:44:00]} 36. Kh2 {[%clk 0:21:00]}
Rxf2 {[%clk 0:44:00]} 37. Kg3 {[%clk 0:21:00]} Rb2 {[%clk 0:44:00]} 38. Kf3
{[%clk 0:21:00]} Kf5 {[%clk 0:44:00]} 39. Ra3 {[%clk 0:20:00]} Rb4 {[%clk
0:44:00]} 40. g3 {[%clk 0:20:00]} a4 {[%clk 0:44:00]} 41. Kf2 {[%clk 0:17:33]} b5
{3[%clk 0:45:00]} 42. Re3 {[%clk 0:17:27]} Rb2+ {7[%clk 0:45:00]} 43. Ke1 {[%clk
0:17:43]} b4 {3[%clk 0:45:00]} 44. Kd1 {[%clk 0:17:24]} a3 {2[%clk 0:46:00]} 45.
Kc1 {[%clk 0:17:43]} b3 {3[%clk 0:45:00]} 46. Rf3+ {[%clk 0:16:50]} Ke4 {0[%clk
0:46:00]} 47. Rf4+ {[%clk 0:17:05]} Ke3 {][%clk 0:46:00]} 48. Rf8 {[%clk
0:16:51]} Rc2+ {1[%clk 0:46:00]} 49. Kd1 {[%clk 0:16:33]} a2 {3[%clk 0:46:00]}
50. Ra8 {[%clk 0:16:49]} Rb2 {9[%clk 0:46:00]} 51. Re8+ {[%clk 0:16:59]} Kf3
{9[%clk 0:44:30]} 52. Rf8+ {[%clk 0:16:45]} Kxg3 {5[%clk 0:47:00]} 53. Ra8 {[%clk
0:17:17]} Rb1+ {7[%clk 0:47:00]} 54. Kd2 {[%clk 0:17:39]} a1Q {3[%clk 0:47:00]}
55. Rxa1 {[%clk 0:17:50]} Rxa1 {[%clk 0:47:00]} 0-1

[Event "Campeonato España Sub 10"]
[Site "Salobreña"]
[Date "2017.07.05"]
[Round "5"]
[White "Garijo Perez, Hugo"]
[Black "Villanueva Marquez, Santiago"]
[Result "1-0"]
[Board "3"]
[WhiteClock "-:--:--"]
[WhiteElo "1392"]
[WhiteCountry "ESP"]
[WhiteFideId "24533033"]
[WhiteEloChange "13"]
[BlackClock "-:--:--"]
[BlackElo "1517"]
[BlackCountry "ESP"]
[BlackFideId "24560359"]
[BlackEloChange "-13"]

1. d4 {[%clk 1:30:00]} Nf6 {[%clk 1:30:00]} 2. c4 {[%clk 1:28:00]} e6 {[%clk
1:30:00]} 3. g3 {[%clk 1:28:00]} c5 {[%clk 1:30:00]} 4. Nf3 {[%clk 1:27:00]} Be7
{[%clk 1:29:19]} 5. Bg2 {[%clk 1:27:00]} O-O {[%clk 1:29:00]} 6. O-O {[%clk
1:26:00]} Re8 {[%clk 1:27:30]} 7. e3 {[%clk 1:25:00]} d6 {[%clk 1:28:00]} 8. Nbd2
{[%clk 1:24:00]} Nbd7 {[%clk 1:27:00]} 9. b3 {[%clk 1:23:30]} Rb8 {[%clk
1:26:00]} 10. Bb2 {[%clk 1:22:00]} a6 {[%clk 1:24:00]} 11. Qc2 {[%clk 1:18:00]}
b5 {[%clk 1:23:00]} 12. Rfd1 {[%clk 1:17:00]} Qc7 {[%clk 1:19:00]} 13. Rac1
{[%clk 1:14:00]} b4 {[%clk 1:19:00]} 14. e4 {[%clk 1:08:00]} cxd4 {[%clk
1:15:00]} 15. Bxd4 {[%clk 1:06:00]} e5 {[%clk 1:14:30]} 16. Bb2 {[%clk 1:05:00]}
Bb7 {[%clk 1:14:30]} 17. Ne1 {[%clk 1:04:00]} a5 {[%clk 1:14:00]} 18. Nf1 {[%clk
1:03:00]} Nc5 {[%clk 1:13:00]} 19. f3 {[%clk 1:02:31]} Qb6 {[%clk 1:12:00]} 20.
Kh1 {[%clk 1:02:00]} h6 {[%clk 1:11:00]} 21. Nd3 {[%clk 1:01:00]} Ne6 {[%clk
1:10:00]} 22. Qf2 {[%clk 0:59:00]} Qxf2 {[%clk 1:10:00]} 23. Nxf2 {[%clk
1:00:00]} Bc6 {[%clk 1:08:00]} 24. Ne3 {[%clk 0:58:00]} g6 {[%clk 1:07:00]} 25.
Nd5 {[%clk 0:56:00]} Rbd8 {[%clk 1:06:00]} 26. f4 {[%clk 0:54:00]} Bxd5 {[%clk
1:05:00]} 27. cxd5 {[%clk 0:54:00]} Ng7 {[%clk 1:03:30]} 28. fxe5 {[%clk
0:54:00]} dxe5 {[%clk 1:04:00]} 29. Bxe5 {[%clk 0:53:30]} Nd7 {[%clk 1:04:00]}
30. Bc7 {[%clk 0:53:00]} Ra8 {[%clk 1:05:00]} 31. Bh3 {[%clk 0:53:00]} Nf8 {[%clk
0:59:00]} 32. d6 {[%clk 0:50:00]} Bd8 {[%clk 0:59:00]} 33. d7 {[%clk 0:48:29]}
Re7 {[%clk 0:59:00]} 34. Bd6 {[%clk 0:48:29]} Rxd7 {[%clk 0:59:00]} 35. Bxd7
{[%clk 0:48:29]} Nxd7 {[%clk 0:57:30]} 36. Bxb4 {[%clk 0:48:29]} axb4 {[%clk
0:57:30]} 37. Rxd7 {[%clk 0:48:29]} Bb6 {[%clk 0:57:30]} 38. Nd3 {[%clk 0:48:29]}
Rxa2 {[%clk 0:57:30]} 39. Nxb4 {[%clk 0:48:29]} Ra8 {[%clk 0:57:30]} 40. Nd5
{[%clk 0:48:29]} Ba5 {[%clk 0:53:59]} 41. Ra1 {[%clk 0:48:29]} Ne6 {[%clk
0:53:59]} 42. b4 {[%clk 0:48:29]} Rc8 {[%clk 0:53:59]} 43. Nf6+ {[%clk 0:48:29]}
Kg7 {[%clk 0:53:59]} 44. bxa5 {[%clk 0:48:29]} Ra8 {[%clk 0:53:59]} 45. e5 {[%clk
0:48:29]} Nc5 {[%clk 0:53:59]} 46. Rd5 {[%clk 0:48:29]} Ne6 {[%clk 0:53:59]} 47.
a6 {[%clk 0:48:29]} Nc7 {[%clk 0:53:59]} 48. Rd6 {[%clk 0:48:29]} Nb5 {[%clk
0:53:59]} 1-0

[Event "Campeonato España Sub 10"]
[Site "Salobreña"]
[Date "2017.07.05"]
[Round "5"]
[White "Serrano Almendros, Angel"]
[Black "Bellver Gorshenin, Maxim"]
[Result "1/2-1/2"]
[Board "4"]
[WhiteClock "-:--:--"]
[WhiteElo "1269"]
[WhiteCountry "ESP"]
[WhiteFideId "24561584"]
[WhiteEloChange "7"]
[BlackClock "-:--:--"]
[BlackElo "1595"]
[BlackCountry "ESP"]
[BlackFideId "24538671"]
[BlackEloChange "-7"]

1. e4 {[%clk 1:30:00]} e5 {[%clk 1:30:00]} 2. Nf3 {[%clk 1:31:00]} Nc6 {[%clk
1:31:00]} 3. Bc4 {[%clk 1:31:00]} Bc5 {[%clk 1:31:00]} 4. c3 {[%clk 1:31:00]} Nf6
{[%clk 1:31:00]} 5. d4 {[%clk 1:31:00]} exd4 {[%clk 1:31:00]} 6. cxd4 {[%clk
1:31:00]} Bb4+ {[%clk 1:31:00]} 7. Bd2 {[%clk 1:31:00]} Bxd2+ {[%clk 1:31:00]} 8.
Nbxd2 {[%clk 1:31:00]} d5 {[%clk 1:30:00]} 9. exd5 {[%clk 1:30:30]} Nxd5 {[%clk
1:30:00]} 10. Qb3 {[%clk 1:30:00]} Nce7 {[%clk 1:31:00]} 11. O-O {[%clk 1:28:00]}
O-O {[%clk 1:30:00]} 12. Rfe1 {[%clk 1:27:28]} c6 {[%clk 1:28:00]} 13. Rac1
{[%clk 1:22:00]} Qb6 {[%clk 1:26:00]} 14. Re2 {[%clk 1:20:00]} Qxb3 {[%clk
1:21:00]} 15. Bxb3 {[%clk 1:18:00]} Bg4 {[%clk 1:20:30]} 16. Rce1 {[%clk
1:17:00]} Rad8 {[%clk 1:17:00]} 17. Rxe7 {[%clk 1:16:00]} Nxe7 {[%clk 1:16:00]}
18. Rxe7 {[%clk 1:16:00]} Rd7 {[%clk 1:12:00]} 19. Re4 {[%clk 1:09:00]} Bf5
{[%clk 1:08:00]} 20. Rf4 {[%clk 1:08:00]} Bg6 {[%clk 1:07:00]} 21. h3 {[%clk
1:07:00]} Kh8 {[%clk 1:03:00]} 22. Ne5 {[%clk 1:06:00]} Re7 {[%clk 1:02:00]} 23.
Nxg6+ {[%clk 0:59:00]} hxg6 {[%clk 1:02:00]} 24. Nf3 {[%clk 0:58:00]} Rc7 {[%clk
0:53:00]} 25. g4 {[%clk 0:55:00]} c5 {[%clk 0:45:00]} 26. d5 {[%clk 0:44:00]} b5
{[%clk 0:36:00]} 27. d6 {[%clk 0:41:00]} Rc6 {[%clk 0:31:00]} 28. d7 {[%clk
0:40:00]} c4 {[%clk 0:27:00]} 29. Ne5 {[%clk 0:37:00]} cxb3 {[%clk 0:22:00]} 30.
axb3 {[%clk 0:35:30]} 1/2-1/2

[Event "Campeonato España Sub 10"]
[Site "Salobreña"]
[Date "2017.07.05"]
[Round "5"]
[White "Tudela Gonzalez, Victor"]
[Black "Llamas Martinez, Pablo"]
[Result "1-0"]
[Board "5"]
[WhiteClock "-:--:--"]
[WhiteElo "1419"]
[WhiteCountry "ESP"]
[WhiteFideId "24528030"]
[WhiteEloChange "11"]
[BlackClock "-:--:--"]
[BlackElo "1453"]
[BlackCountry "ESP"]
[BlackFideId "24544582"]
[BlackEloChange "-11"]

1. e4 {[%clk 1:30:30]} c5 {[%clk 1:30:30]} 2. Nc3 {[%clk 1:30:30]} Nc6 {[%clk
1:30:30]} 3. Bb5 {[%clk 1:30:30]} e6 {[%clk 1:17:49]} 4. Bxc6 {[%clk 1:16:59]}
bxc6 {[%clk 1:17:49]} 5. Nf3 {[%clk 1:09:29]} d5 {[%clk 1:10:18]} 6. d3 {[%clk
1:05:00]} g6 {[%clk 1:03:48]} 7. e5 {[%clk 0:59:30]} Bg7 {[%clk 0:59:18]} 8. O-O
{[%clk 0:54:00]} Ba6 {[%clk 0:45:49]} 9. Bf4 {[%clk 0:31:29]} Ne7 {[%clk
0:45:49]} 10. Qd2 {[%clk 0:31:29]} O-O {[%clk 0:45:49]} 11. Rfe1 {[%clk 0:27:59]}
Rb8 {[%clk 0:34:20]} 12. Rab1 {[%clk 0:24:29]} Rb7 {[%clk 0:28:49]} 13. Bh6
{[%clk 0:18:59]} Qa5 {[%clk 0:27:18]} 14. Nxd5 {[%clk 0:17:30]} Qxa2 {[%clk
0:24:48]} 15. Nxe7+ {[%clk 0:17:00]} Rxe7 {[%clk 0:24:48]} 16. Bxg7 {[%clk
0:15:30]} Kxg7 {[%clk 0:24:48]} 17. Ra1 {[%clk 0:15:30]} Qd5 {[%clk 0:23:17]} 18.
Rxa6 {[%clk 0:15:30]} f6 {[%clk 0:21:50]} 19. Qc3 {[%clk 0:13:59]} Ref7 {[%clk
0:20:20]} 20. exf6+ {[%clk 0:13:59]} Rxf6 {[%clk 0:20:20]} 21. Rxa7+ {[%clk
0:12:28]} Kg8 {[%clk 0:20:20]} 22. Ra5 {[%clk 0:10:59]} Rxf3 {[%clk 0:14:49]} 23.
gxf3 {[%clk 0:10:59]} Qxf3 {[%clk 0:14:49]} 24. Qxc5 {[%clk 0:10:59]} Qf4 {[%clk
0:11:19]} 25. Qe3 {[%clk 0:10:59]} Qc7 {[%clk 0:07:49]} 26. Qxe6+ {[%clk
0:10:59]} Rf7 {[%clk 0:07:49]} 27. Ra8+ {[%clk 0:10:59]} Kg7 {[%clk 0:06:19]} 28.
Qe5+ {[%clk 0:10:59]} Kh6 {[%clk 0:06:19]} 29. Qxc7 {[%clk 0:10:59]} Rxc7 {[%clk
0:06:19]} 30. Kg2 {[%clk 0:10:59]} 1-0

[Event "Campeonato España Sub 10"]
[Site "Salobreña"]
[Date "2017.07.05"]
[Round "5"]
[White "Macias Pino, Diego"]
[Black "Diaz Lopez, Santigo David"]
[Result "1-0"]
[Board "7"]
[WhiteClock "-:--:--"]
[WhiteElo "1732"]
[WhiteCountry "ESP"]
[WhiteFideId "24529133"]
[WhiteEloChange "2"]
[BlackClock "-:--:--"]
[BlackElo "1342"]
[BlackCountry "ESP"]
[BlackFideId "24515922"]
[BlackEloChange "-2"]

1. d4 {0[%clk 1:30:00]} d5 {0[%clk 1:30:00]} 2. c4 {0[%clk 1:30:00]} c6 {[%clk
1:19:00]} 3. Nc3 {[%clk 1:30:00]} Nf6 {[%clk 1:17:00]} 4. Nf3 {[%clk 1:29:29]}
Bf5 {[%clk 1:09:00]} 5. e3 {[%clk 1:13:00]} e6 {[%clk 0:48:00]} 6. c5 {[%clk
1:13:00]} h6 {[%clk 0:47:00]} 7. Be2 {[%clk 1:10:00]} Be7 {[%clk 0:46:00]} 8. O-O
{[%clk 1:11:00]} O-O {[%clk 0:46:00]} 9. Bd2 {[%clk 1:10:00]} Nbd7 {[%clk
0:39:00]} 10. b4 {[%clk 1:09:00]} b6 {[%clk 0:32:00]} 11. a3 {[%clk 1:05:00]} Qc7
{[%clk 0:29:00]} 12. Na2 {[%clk 1:05:00]} a5 {[%clk 0:29:00]} 13. Nc3 {[%clk
0:57:00]} e5 {[%clk 0:20:00]} 14. Na4 {[%clk 0:54:00]} exd4 {[%clk 0:18:57]} 15.
exd4 {][%clk 0:53:00]} Ne4 {[%clk 0:15:41]} 16. Be3 {1[%clk 0:49:00]} Rfe8 {[%clk
0:13:58]} 17. Nd2 {8[%clk 0:45:00]} Bg5 {[%clk 0:10:14]} 18. Nxe4 {4[%clk
0:45:00]} Bxe3 {[%clk 0:09:40]} 19. Nd6 {4[%clk 0:45:00]} Bh7 {[%clk 0:06:46]}
20. Nxe8 {][%clk 0:44:00]} Rxe8 {[%clk 0:06:44]} 21. fxe3 {4[%clk 0:44:00]} Rxe3
{[%clk 0:06:57]} 22. Rf3 {5[%clk 0:44:00]} Re6 {[%clk 0:06:44]} 23. Bd3 {][%clk
0:44:00]} Nf6 {[%clk 0:06:23]} 24. Bxh7+ {3[%clk 0:44:00]} Kxh7 {[%clk 0:06:48]}
25. Qd2 {8[%clk 0:38:00]} Ng4 {[%clk 0:06:35]} 26. Qf4 {5[%clk 0:36:28]} Qc8
{[%clk 0:03:57]} 27. Nxb6 {5[%clk 0:35:00]} Qe8 {[%clk 0:03:24]} 28. Qxg4 {][%clk
0:35:00]} Re1+ {[%clk 0:03:27]} 29. Rf1 {7[%clk 0:35:00]} Qe3+ {[%clk 0:02:35]}
30. Kh1 {3[%clk 0:35:00]} Qxa3 {[%clk 0:02:05]} 31. Qf5+ {][%clk 0:36:00]} Kh8
{[%clk 0:01:51]} 32. Rxa3 {[%clk 0:36:00]} 1-0

[Event "Campeonato España Sub 10"]
[Site "Salobreña"]
[Date "2017.07.05"]
[Round "5"]
[White "Perez Sousa, Xabier"]
[Black "Ermachenko, Manuel"]
[Result "1/2-1/2"]
[Board "8"]
[WhiteClock "-:--:--"]
[WhiteElo "1323"]
[WhiteCountry "ESP"]
[WhiteFideId "24597040"]
[WhiteEloChange "8"]
[BlackClock "-:--:--"]
[BlackElo "1678"]
[BlackCountry "ESP"]
[BlackFideId "24560952"]
[BlackEloChange "-8"]

1. e4 {�[%clk 1:30:00]} c5 {�[%clk 1:30:00]} 2. Bc4 {�[%clk 1:30:00]} e6 {[%clk
1:31:00]} 3. Nc3 {[%clk 1:31:00]} Nc6 {[%clk 1:30:00]} 4. f4 {[%clk 1:30:00]} d6
{[%clk 1:30:00]} 5. Nf3 {[%clk 1:30:00]} Nf6 {[%clk 1:30:00]} 6. d3 {[%clk
1:29:00]} Be7 {[%clk 1:31:00]} 7. O-O {[%clk 1:28:00]} O-O {[%clk 1:29:00]} 8.
Bb3 {[%clk 1:26:00]} d5 {[%clk 1:28:31]} 9. e5 {[%clk 1:24:00]} Nd7 {[%clk
1:26:00]} 10. Qe1 {[%clk 1:21:00]} f6 {[%clk 1:24:00]} 11. exf6 {[%clk 1:18:00]}
Nxf6 {[%clk 1:23:00]} 12. Bd2 {[%clk 1:14:00]} Kh8 {[%clk 1:19:00]} 13. Kh1
{[%clk 1:12:00]} Rb8 {[%clk 1:11:00]} 14. a4 {[%clk 1:09:00]} a6 {[%clk 1:05:00]}
15. Qf2 {[%clk 0:55:00]} b5 {[%clk 0:20:00]} 16. axb5 {[%clk 0:20:00]} axb5
{[%clk 0:18:30]} 17. Rae1 {[%clk 0:20:00]} c4 {[%clk 0:18:30]} 18. dxc4 {[%clk
0:20:00]} dxc4 {[%clk 0:19:57]} 19. Ba2 {5[%clk 0:20:00]} Ra8 {5[%clk 0:20:00]}
20. Bb1 {5[%clk 0:20:00]} b4 {5[%clk 0:20:00]} 21. Ne4 {5[%clk 0:20:00]} Nd5
{[%clk 0:19:51]} 22. Qg3 {][%clk 0:19:30]} Bf6 {[%clk 0:19:51]} 23. Nxf6 {1[%clk
0:18:00]} Qxf6 {[%clk 0:20:00]} 24. Bc1 {[%clk 0:18:00]} Ra1 {[%clk 0:19:24]} 25.
Bd2 {[%clk 0:19:57]} c3 {[%clk 0:19:07]} 26. bxc3 {[%clk 0:19:57]} bxc3 {[%clk
0:18:58]} 27. Be3 {[%clk 0:19:57]} Rxb1 {[%clk 0:18:48]} 28. Rxb1 {[%clk
0:19:57]} Nxe3 {[%clk 0:18:39]} 29. Rfc1 {[%clk 0:19:57]} Qxf4 {[%clk 0:17:33]}
30. Qxf4 {[%clk 0:19:48]} Rxf4 {[%clk 0:17:53]} 31. Rb6 {[%clk 0:18:31]} Ne7
{[%clk 0:17:27]} 32. Ng5 {[%clk 0:17:33]} Rf6 {[%clk 0:15:24]} 33. Ne4 {[%clk
0:17:46]} Rf8 {[%clk 0:13:21]} 34. Nxc3 {[%clk 0:17:26]} Nxc2 {[%clk 0:13:12]}
35. Ne2 {[%clk 0:16:49]} Ne3 {[%clk 0:13:20]} 36. Ng3 e5 {[%clk 0:13:20]} 37. Re1
Ng4 {[%clk 0:13:20]} 38. h3 Nf2+ {[%clk 0:13:20]} 39. Kg1 Nd3 {[%clk 0:13:20]}
40. Rd1 Nf4 {[%clk 0:13:20]} 41. Rf1 h5 {[%clk 0:13:20]} 42. Kh2 h4 {[%clk
0:13:20]} 43. Ne2 g5 {[%clk 0:13:20]} 44. g3 hxg3+ {[%clk 0:13:20]} 45. Nxg3 Kg7
{[%clk 0:13:20]} 46. Rc1 Bxh3 {[%clk 0:13:20]} 47. Rc7 Nd5 {[%clk 0:13:20]} 48.
Rxe7+ Nxe7 {[%clk 0:13:20]} 49. Kxh3 Nd5 {[%clk 0:13:20]} 50. Rd6 Ne3 {[%clk
0:13:20]} 51. Nh5+ Kf7 {[%clk 0:13:20]} 52. Rf6+ Ke7 {[%clk 0:13:20]} 53. Rg6
Rf3+ {[%clk 0:13:20]} 54. Kh2 g4 {[%clk 0:13:20]} 55. Ng3 Rf6 {[%clk 0:13:20]}
56. Rg5 Ke6 {[%clk 0:13:20]} 57. Ne4 Rh6+ {[%clk 0:13:20]} 58. Kg3 Rh3+ {[%clk
0:13:20]} 59. Kf2 Kd5 {[%clk 0:13:20]} 60. Nf6+ Kd4 {[%clk 0:13:20]} 61. Nxg4
Nxg4+ {[%clk 0:13:20]} 62. Rxg4+ e4 {[%clk 0:13:20]} 63. Rg8 e3+ {[%clk 0:13:20]}
64. Ke2 Rh2+ {[%clk 0:13:20]} 65. Ke1 Rh5 {[%clk 0:13:20]} 66. Rd8+ Rd5 {[%clk
0:13:20]} 67. Rxd5+ Kxd5 {[%clk 0:13:20]} 68. Ke2 Kd4 {[%clk 0:13:20]} 69. Ke1
1/2-1/2

[Event "Campeonato España Sub 10"]
[Site "Salobreña"]
[Date "2017.07.05"]
[Round "5"]
[White "Morales Carmona, Jose Manuel"]
[Black "Villagordo Espinosa, Carlos"]
[Result "0-1"]
[Board "9"]
[WhiteClock "-:--:--"]
[WhiteElo "1285"]
[WhiteCountry "ESP"]
[WhiteFideId "24552542"]
[WhiteEloChange "-4"]
[BlackClock "-:--:--"]
[BlackElo "1527"]
[BlackCountry "ESP"]
[BlackFideId "24528943"]
[BlackEloChange "4"]

1. e4 {2[%clk 1:30:00]} c5 {2[%clk 1:30:00]} 2. Nf3 {2[%clk 1:30:00]} d6 {[%clk
1:31:00]} 3. g3 {[%clk 1:29:00]} Nf6 {[%clk 1:31:00]} 4. Qe2 {[%clk 1:28:00]} Bg4
{[%clk 1:30:00]} 5. Bg2 {[%clk 1:27:00]} Nc6 {[%clk 1:29:30]} 6. c3 {[%clk
1:26:29]} Ne5 {[%clk 1:29:00]} 7. Qb5+ {[%clk 1:25:00]} Qd7 {[%clk 1:28:31]} 8.
Qxd7+ {[%clk 1:24:28]} Nfxd7 {[%clk 1:28:01]} 9. Nxe5 {[%clk 1:23:58]} Nxe5
{[%clk 1:30:00]} 10. O-O {[%clk 1:24:00]} Nd3 {[%clk 1:29:00]} 11. f3 {[%clk
1:23:00]} Bd7 {[%clk 1:26:00]} 12. Na3 {[%clk 1:21:00]} g6 {[%clk 1:25:30]} 13.
Rd1 {[%clk 1:20:29]} Bg7 {[%clk 1:25:00]} 14. Bf1 {[%clk 1:20:29]} Nxc1 {[%clk
1:24:00]} 15. Raxc1 {[%clk 1:19:00]} O-O {[%clk 1:23:30]} 16. Nb5 {[%clk
1:18:00]} a6 {[%clk 1:23:00]} 17. Nc7 {[%clk 1:17:30]} Rac8 {[%clk 1:22:30]} 18.
Nd5 {[%clk 1:17:00]} Rfe8 {[%clk 1:20:59]} 19. Nb6 {[%clk 1:16:00]} Rc7 {[%clk
1:22:00]} 20. Nxd7 {[%clk 1:14:00]} Rxd7 {[%clk 1:23:00]} 21. a3 {[%clk 1:12:29]}
Rc7 {[%clk 1:22:00]} 22. b4 {[%clk 1:12:29]} b5 {[%clk 1:18:00]} 23. d3 {[%clk
1:10:00]} a5 {[%clk 1:17:00]} 24. bxc5 {[%clk 1:09:00]} dxc5 {[%clk 1:16:00]} 25.
Kg2 {[%clk 1:09:00]} Rec8 {[%clk 1:15:30]} 26. Rb1 {[%clk 1:06:00]} Rb8 {[%clk
1:14:00]} 27. d4 {[%clk 1:05:30]} cxd4 {[%clk 1:13:00]} 28. cxd4 {[%clk 1:03:00]}
b4 {[%clk 1:14:00]} 29. axb4 {[%clk 1:03:00]} axb4 {[%clk 1:13:30]} 30. Rb3
{[%clk 1:03:00]} Rc3 {[%clk 1:12:59]} 31. Rxc3 {[%clk 1:02:00]} bxc3 {[%clk
1:11:00]} 32. d5 {[%clk 0:57:00]} c2 {[%clk 1:09:29]} 33. Rc1 {[%clk 0:58:00]}
Rc8 {[%clk 1:09:29]} 34. Bd3 {[%clk 0:57:30]} Rc3 {[%clk 1:10:00]} 35. Be2 {[%clk
0:57:00]} Bd4 {[%clk 1:09:29]} 36. e5 {[%clk 0:55:00]} Be3 {[%clk 1:09:00]} 37.
d6 {[%clk 0:54:29]} exd6 {[%clk 1:09:00]} 38. exd6 {[%clk 0:54:29]} Bxc1 {[%clk
1:10:00]} 39. d7 {[%clk 0:54:29]} Bg5 {[%clk 1:09:30]} 0-1

[Event "Campeonato España Sub 10"]
[Site "Salobreña"]
[Date "2017.07.05"]
[Round "5"]
[White "Herranz Suarez, David"]
[Black "Ivorra Ivorra, Angela"]
[Result "0-1"]
[Board "10"]
[WhiteClock "-:--:--"]
[WhiteElo "1502"]
[WhiteCountry "ESP"]
[WhiteFideId "24591211"]
[WhiteEloChange "-16"]
[BlackClock "-:--:--"]
[BlackElo "1280"]
[BlackCountry "ESP"]
[BlackFideId "24555886"]
[BlackEloChange "16"]

1. d4 {[%clk 1:30:00]} d5 {[%clk 1:30:00]} 2. Bf4 {[%clk 1:31:00]} Nf6 {[%clk
1:30:00]} 3. e3 {[%clk 1:31:00]} e6 {[%clk 1:30:00]} 4. Nf3 {[%clk 1:31:00]} Bd6
{[%clk 1:28:00]} 5. Bg5 {[%clk 1:30:00]} Be7 {[%clk 1:24:00]} 6. c4 {[%clk
1:29:00]} O-O {[%clk 1:21:00]} 7. Nbd2 {[%clk 1:28:30]} b6 {[%clk 1:19:00]} 8.
Bd3 {[%clk 1:28:00]} Bb7 {[%clk 1:17:00]} 9. Rc1 {[%clk 1:27:00]} Nbd7 {[%clk
1:13:00]} 10. Bf4 {[%clk 1:24:00]} c5 {[%clk 1:11:00]} 11. Nb3 {[%clk 1:21:00]}
Rc8 {[%clk 1:07:00]} 12. Bb1 {[%clk 1:18:00]} h6 {[%clk 1:05:00]} 13. Qd3 {[%clk
1:18:00]} Ba6 {[%clk 0:59:00]} 14. Nbd2 {[%clk 1:12:00]} cxd4 {[%clk 0:58:00]}
15. Qxd4 {[%clk 1:12:00]} dxc4 {[%clk 0:55:00]} 16. Nxc4 {[%clk 1:11:30]} b5
{[%clk 0:54:30]} 17. Rd1 {[%clk 1:09:00]} bxc4 {[%clk 0:53:00]} 18. e4 {[%clk
1:08:00]} Bb4+ {[%clk 0:51:00]} 19. Nd2 {[%clk 1:07:00]} Bxd2+ {[%clk 0:49:00]}
20. Rxd2 {[%clk 1:07:00]} Qa5 {[%clk 0:47:00]} 21. e5 {[%clk 1:06:00]} Nd5 {[%clk
0:46:00]} 22. Qe4 {[%clk 1:05:29]} g6 {[%clk 0:45:00]} 23. Bxh6 {[%clk 1:04:59]}
Rfd8 {[%clk 0:43:00]} 24. h4 {[%clk 1:04:29]} c3 {[%clk 0:41:00]} 25. bxc3 {[%clk
0:14:59]} Rxc3 {[%clk 0:41:00]} 26. Kd1 {[%clk 0:14:59]} Rdc8 {[%clk 0:41:00]}
27. Rd4 {[%clk 0:14:59]} Qa3 {[%clk 0:41:00]} 28. Ke1 {[%clk 0:14:59]} Qa5 {[%clk
0:41:00]} 29. Kd1 {[%clk 0:14:59]} Rc1+ {[%clk 0:41:00]} 30. Bxc1 {[%clk
0:14:59]} Nc3+ {[%clk 0:41:00]} 0-1